000 00305nam a2200109Ia 4500
008 200302s9999 xx 000 0 und d
100 _aRichard McDaniel
245 _aThe Drawing Book Materials and Techniques for Today's Artist
260 _bWatson Guptill Publications
260 _c1995
300 _a175 P.,
999 _c2033
_d2033